=LDR 00000nam 2200000 4500 =001 INLIS000000000041176 =005 20130612150725 =008 ***********************************ind** =035 ##$$0010-061300000041176 =041 ##$$a ind =082 ##$$a 650.1 =090 ##$$a 650.1 , Hil ,b =100 ##$$a HIDAYAT =245 ##$$a Bisnis Reparasi Ponsel , Hidayah =260 ##$$a 2009 $b Jakarta =300 ##$$a 1v.116 hlm. , Illus , 20 cm =650 ##$$a BISNIS =850 ##$$a NBPNMAT